| 000 | 02545nam0a2200385 4500 | ||
|---|---|---|---|
| 001 | RU\NLR\BIBL_A\012871162 | ||
| 005 | 20260405234715.0 | ||
| 010 |
_a978-5-00202-090-4 _9500 |
||
| 035 | _a(NLR Aleph) 012871162 | ||
| 090 |
_a12489680 _c12489680 |
||
| 100 | _a20220819d2022 |||y0rusy50 ca | ||
| 101 | 0 |
_arus _deng |
|
| 102 | _aRU | ||
| 105 | _ay z 100zy | ||
| 181 | 0 |
_ai4 _baxxe |
|
| 182 | 0 | _an | |
| 200 | 1 |
_aКубанские исторические чтения _eXIII Международная научно-практическая конференция (г. Краснодар, 30 июня 2022 г.) _fРоссийское общество интеллектуальной истории (РОИИ), Краснодарское отделение Российского общества интеллектуальной истории, Социально-гуманитарный вестник (г. Краснодар) _gответственные редакторы: Курусканова Н. П., Улезко Б. В. |
|
| 203 |
_aТекст _bвизуальный _cнепосредственный |
||
| 210 |
_aБарнаул _cИ.П. Колмогоров И. А. _d2022 |
||
| 215 |
_a193 с. _d21 |
||
| 300 | _aВ вып. дан. и в макете подзаг.: материалы XIII Международной научно-практической конференции (г. Краснодар, 30 июня 2022 г.) | ||
| 300 | _aРез. англ. | ||
| 320 | _aБиблиогр. в примеч. в конце ст. | ||
| 606 | 1 |
_aИсторические науки _jСъезды, совещания и т.п _92155871 _3RU\NLR\AUTH\661297882 |
|
| 606 | 1 |
_aВсеобщая история _jСъезды, совещания и т.п _91324332 _3RU\NLR\AUTH\66234889 |
|
| 686 | 1 | _aТ.я431 | |
| 686 | 1 | _aТ3(0)я431 | |
| 702 | 1 |
_4340 _8rus _7ca _aКурусканова _bН. П. _f1965- _gНаталия Петровна _3RU\NLR\AUTH\77108354 _991279 |
|
| 711 | 1 | 2 |
_a"Кубанские исторические чтения", международная научно-практическая конференция _d13 _eКраснодар _f2022 _9806951 _3RU\NLR\AUTH\880570340 |
| 712 | 0 | 2 |
_4570 _aРоссийское общество интеллектуальной истории _bКраснодарское отделение _9806955 _3RU\NLR\AUTH\880570342 |
| 942 | _cBOOK | ||
| 980 | _aNB | ||